Zagraniczni autorzy Fabryka słów - Statystyki

Ogólne statystyki
  • Ten quiz został rozwiązany 36 razy
  • Średni wynik to 4 z 27
Statystyki odpowiedzi
Tytuł Autor % Poprawnych
Decimus Fate, Cykl Mag bitewny Peter Flannery
77%
Seria o Beniaminie Ashwoodzie A. C. Cobble
69%
Babel, Trylogia Wojen Makowych Rebecca F. Kuang
62%
Cykl Demoniczny, Cykl Zmroku Peter V. Brett
46%
Lichwiarz, Ślepa plama Wiktor Noczkin
15%
Trylogia Tonące Imperium Andrea Stewart
8%
Wstęga, Łowca z lasu Andriej Lewicki
8%
Trylogia Na Zachód od Zachodu, Trylogia czasu żelaza Angus Watson
8%
Trylogia Licaniusa James Islington
8%
Ziemia niczyja, Dzieci Martwej Ziemi Jan Waletow
8%
Kroniki Olchy J.T. Greathouse
8%
Cień Kitsune Julie Kagawa
8%
Cykl Frontlines, Cykl Wojny Palladowe Marko Kloos
8%
Przygranicze: cykl o Soplu Paweł Kornew
8%
Więzy zony, Sztych Roman Kulikow
8%
Cykl Świetlisty Cesarz Shelley Parker-Chan
8%
Kajkeji Vaishnavi Patel
8%
Parias Anthony Ryan
0%
W cieniu błyskawic, Cykl o Magach Prochowych Brian McClellan
0%
Cykl Ukryte dziedzictwo, Cykl o Kate Daniels Ilona Andrews
0%
Flota Geneza, Seria Zaginiona flota Jack Campbell
0%
Cykl Kroniki Mroku, Los pokonanych Kel Kade
0%
Planeta, Przestrzeń Michael Mammay
0%
Cykl o Koniaszu, Łowcy Miroslav Žamboch
0%
Trylogia Hierarchia Magii Mitchell Hogan
0%
Seria z Mercedes Thompson, Cykl Alpha&Omega Patricia Briggs
0%
Kroniki Ambhy, Jaśminowy Tron Tasha Suri
0%
Nie znaleziono quizów pasujących do podanych kryteriów
Rozkład punktacji
Procent ludzi z każdym wynikiem
Percentyl według liczby udzielonych odpowiedzi
Twoja historia wyników
Nie rozwiązałeś tego quizu